Dialéctica de la mirada: Walter Benjamin y el proyecto de los pasajes
Guardat en:
| Autor principal: | |
|---|---|
| Format: | Llibre |
| Idioma: | espanyol |
| Publicat: |
Madrid, España
Visor
1995
|
| Col·lecció: | La Balsa de la Medusa.
79 |
| Matèries: | |
| Etiquetes: |
Afegir etiqueta
Sense etiquetes, Sigues el primer a etiquetar aquest registre!
|
MARC
| LEADER | 00000nam a2200000 a 4500 | ||
|---|---|---|---|
| 001 | UCS1929 | ||
| 003 | CL-VaPUC | ||
| 005 | 20211026174351.0 | ||
| 008 | 970516e19950000SP |||||||||||||||||spa|d | ||
| 999 | |c 259940 |d 259938 | ||
| 040 | |c Pontificia Universidad Católica de Valparaíso | ||
| 082 | 0 | 4 | |a 701.17 BUC 1995 |2 21 |
| 100 | 0 | |a Buck-Morss, Susan |9 386851 | |
| 245 | 1 | 0 | |a Dialéctica de la mirada: Walter Benjamin y el proyecto de los pasajes |
| 260 | 0 | 3 | |a Madrid, España |b Visor |c 1995 |
| 300 | |a 418 páginas | ||
| 490 | 0 | |a La Balsa de la Medusa. |v 79 | |
| 583 | |a last modification |c 19970516 00:00:00 |k Rodrigo Vera | ||
| 650 | 0 | |a Estética |9 264950 | |
| 650 | 0 | |a Filosofía del arte |9 264951 | |
| 650 | 0 | |a Cultura de masas |9 334655 | |
| 942 | |c BK |2 ddc | ||
| 945 | |d 19970516 00:00:00 |a amoreno | ||
| 952 | |0 0 |1 0 |2 ddc |4 0 |6 701_170000000000000_BUC_1995 |7 0 |8 A |9 285473 |a BIBART |b BIBART |d 2019-11-19 |i 3307344 |l 1 |m 1 |o 701.17 BUC 1995 |p 3307344 |r 2025-03-13 |s 2024-03-27 |t 1 |w 2019-11-19 |y BK |k ART | ||
| 952 | |0 0 |1 0 |2 ddc |4 0 |6 701_170000000000000_BUC_1995 |7 0 |8 A |9 285474 |a FDOPOS |b FDOPOS |d 2019-11-19 |i 3308839 |o 701.17 BUC 1995 |p 3308839 |r 2025-01-22 |t 2 |w 2019-11-19 |y BK |k MLH | ||